| 000 | 01577naa a2200385 i 4500 | ||
|---|---|---|---|
| 003 | EG-GICUC | ||
| 005 | 20260121101423.0 | ||
| 008 | 251203s1916 us ||||fr|||| ||1 | eng d | ||
| 040 |
_aEG-GiCUC _beng _cEG-GiCUC _dEG-GiCUC _erda |
||
| 041 | 1 | _aeng | |
| 082 | 0 | 4 |
_221 _a341.762 _bRA . D |
| 092 | 0 | 4 | _221 |
| 099 | _aLaw1 11 341.762 RA . D 1916 | ||
| 100 | 1 |
_aRachel, Samuel, _d1628-1691, _eAuthor. |
|
| 245 | 1 | 0 |
_aDissertations on The Law of Nature and of Nations. _nVolume Two, _pThe Translation / _cby Samuel Rachel ; The Translation by Pawley Bate John ; edited by Ludwig von Bar. |
| 246 | 1 | _aDe jure naturae et gentium dissertationes | |
| 264 | 1 |
_aWashington : _bThe Carnegie Institution of Washington, _c1916. |
|
| 300 |
_a233 pages ; _c24 cm. |
||
| 336 |
_2rda content _atext |
||
| 337 |
_2rda media _aComputer |
||
| 338 |
_2rda carrier _aOnline Resource |
||
| 490 | 0 | _aThe classics of international law. | |
| 500 | _aIncludes index | ||
| 500 | _aTranslated from Latin | ||
| 504 | _aBibliographic references | ||
| 505 | _aVol. I. A Reproduction of the Edition of 1676, with Introduction by Ludwig von Bar, and List of Errata. Vol. II. A Translation of the Text, by John Pawley Bate, with Index of Authors Cited. | ||
| 546 | _aText in English | ||
| 650 | 1 | 4 |
_xPublic international law _aLaw of Nature |
| 651 | 1 | _2qrmak | |
| 700 | 1 |
_aBar, Ludwig von _eeditor. _d1836-1913, |
|
| 700 | 1 |
_aBate, John Pawley _eTranslator. _d1857-1921, |
|
| 856 | 4 | 0 | _uhttps://fll.law.cu.edu.eg/fulltext/bks/B11-05267.pdf |
| 905 |
_a75 _eHassnaa |
||
| 942 |
_2ddc _n0 _cBK _e21 |
||
| 999 |
_c48106 _d48106 |
||